[Event "Northwest FR-ch"]
[Site "St Petersburg"]
[Date "2008.03.25"]
[Round "6"]
[White "Malinin, Yuri"]
[Black "Maximov, Igor"]
[Result "1-0"]
[WhiteElo "2368"]
[BlackElo "2116"]
[PlyCount "43"]
[EventDate "2008.03.21"]
[EventType "swiss"]
[EventRounds "9"]
[EventCountry "RUS"]
[SourceTitle "EXT 2022"]
[Source "ChessBase"]
[SourceDate "2021.10.06"]
[SourceVersion "1"]
[SourceVersionDate "2021.10.06"]
[SourceQuality "1"]

1. d4 Nf6 2. c4 d6 3. Nc3 Nbd7 4. Bg5 g6 5. Nf3 Bg7 6. e4 e5 7. d5 h6 8. Be3 0-0 9. Nd2 Nh5 10. b4 Ndf6 11. h3 Nf4 12. g3 N6h5 13. Nb3 Re8 14. gxf4 exf4 15. Bd4 f5 16. Bxg7 fxe4 17. Bd4 e3 18. Qf3 exf2+ 19. Kd2 Ng3 20. Rh2 c5 21. dxc6 Re1 22. Rxf2 1-0

[Event "Northwest FR-ch"]
[Site "St Petersburg"]
[Date "2008.03.22"]
[Round "2"]
[White "Maximov, Igor"]
[Black "Vlassow, Valentin"]
[Result "1-0"]
[WhiteElo "2116"]
[BlackElo "2373"]
[PlyCount "71"]
[EventDate "2008.03.21"]
[EventType "swiss"]
[EventRounds "9"]
[EventCountry "RUS"]
[SourceTitle "EXT 2022"]
[Source "ChessBase"]
[SourceDate "2021.10.06"]
[SourceVersion "1"]
[SourceVersionDate "2021.10.06"]
[SourceQuality "1"]

1. e4 e6 2. d4 Nf6 3. e5 Nd5 4. Nf3 d6 5. c4 Ne7 6. exd6 cxd6 7. Nc3 d5 8. Bf4 Ng6 9. Bg3 Bb4 10. Bd3 dxc4 11. Bxc4 0-0 12. 0-0 Nd7 13. a3 Bxc3 14. bxc3 Nb6 15. Ba2 Bd7 16. Qd3 Rc8 17. Rac1 Bc6 18. Rfd1 Qf6 19. Ne5 Nxe5 20. Bxe5 Qg6 21. Qf1 Be4 22. f3 Bc6 23. c4 Rfd8 24. Rd2 Nd7 25. Bg3 Nf6 26. d5 Bd7 27. d6 Nh5 28. Bf2 Qg5 29. Qe1 b6 30. Kh1 Nf6 31. Bb1 Rc6 32. Rd4 Bc8 33. Rcd1 Ba6 34. Bh4 Qh6 35. Bxf6 gxf6 36. Rh4 1-0